| 000 | 00480pab a2200181 454500 | ||
|---|---|---|---|
| 008 | 180718b2012 xxu||||| |||| 00| 0 eng d | ||
| 100 | _aMukhopadhyay, Banbehari | ||
| 245 | _aEducation for self actualization: The way towards sustainable development | ||
| 260 | _c2012 | ||
| 300 | _ap.1-7. | ||
| 362 | _a24 Sep | ||
| 650 | _aSustainable development | ||
| 650 | _aEducation | ||
| 700 | _aViswanathan, Sekar | ||
| 773 | _aUniversity News | ||
| 908 | _aN | ||
| 909 | _a103237 | ||
| 999 |
_c103233 _d103233 |
||